|
|
|
|
| LEADER |
00941cam a2200265 a 4500 |
| 001 |
0000079000 |
| 005 |
20251027090000.0 |
| 040 |
|
|
|a mod
|
| 041 |
|
|
|a eng
|
| 020 |
|
|
|a 0760320144
|
| 090 |
0 |
0 |
|a 358.4183
|b VER
|c f
|e 2004
|
| 100 |
1 |
|
|a Veronico, Nick
|d 1961-
|
| 245 |
1 |
0 |
|a 21st century U.S. air power
|c Nicholas A. Veronico & Jim Dunn
|
| 260 |
|
|
|a St. Paul, MN
|b MBI Publishing
|c 2004
|
| 300 |
|
|
|a 176 p.
|b col. ill.
|c 32 cm
|
| 500 |
|
|
|a Includes index
|
| 650 |
0 |
0 |
|a Military helicopters
|z United States
|
| 650 |
0 |
0 |
|a Airplanes, Military
|z United States
|
| 650 |
0 |
0 |
|a Air forces
|z United States
|
| 651 |
|
0 |
|a United States. Air Force Weapons systems
|
| 700 |
1 |
|
|a Dunn, Jim
|d 1951-
|
| 852 |
0 |
0 |
|a 01
|
| 999 |
|
|
|a 0240414
|b KEMENTAH
|d BOOKS
|e Rujukan
|f Perpustakaan KEMENTAH
|j AVAILABLE
|q GOOD CONDITION
|
| 999 |
|
|
|a 0261512
|b PUSWATAN
|d BOOKS
|e Umum
|f PUSWATAN
|j AVAILABLE
|q GOOD CONDITION
|
| 999 |
|
|
|a 0270068
|b PUSPED
|d BOOKS
|e Umum
|f PUSPED
|j AVAILABLE
|q GOOD CONDITION
|